Kanto Pokedex Quiz - Statistics

General Stats
  • This quiz has been taken 1,780 times
  • The average score is 101 of 151
Answer Stats
Dex # Pokemon Type % Correct
1 Bulbasaur Grass/Poison
98%
6 Charizard Fire/Flying
96%
4 Charmander Fire
96%
2 Ivysaur Grass/Poison
96%
5 Charmeleon Fire
95%
7 Squirtle Water
94%
9 Blastoise Water
93%
18 Pidgeot Normal/Flying
92%
16 Pidgey Normal/Flying
92%
8 Wartortle Water
92%
10 Caterpie Bug
91%
11 Metapod Bug
91%
12 Butterfree Bug/Flying
90%
14 Kakuna Bug/Poison
90%
25 Pikachu Electric
90%
3 Venusaur Grass/Poison
90%
13 Weedle Bug/Poison
90%
15 Beedrill Bug/Poison
89%
26 Raichu Electric
89%
17 Pidgeotto Normal/Flying
88%
151 Mew Psychic
86%
150 Mewtwo Psychic
85%
149 Dragonite Dragon/Flying
83%
74 Geodude Rock/Ground
83%
21 Spearow Normal/Flying
83%
22 Fearow Normal/Flying
82%
144 Articuno Ice/Flying
81%
23 Ekans Poison
81%
146 Moltres Fire/Flying
81%
145 Zapdos Electric/Flying
81%
63 Abra Psychic
80%
24 Arbok Poison
80%
147 Dratini Dragon
80%
20 Raticate Normal
80%
19 Rattata Normal
80%
65 Alakazam Psychic
79%
148 Dragonair Dragon
79%
94 Gengar Ghost/Poison
79%
64 Kadabra Psychic
79%
92 Gastly Ghost/Poison
78%
76 Golem Rock/Ground
78%
35 Clefairy Fairy
77%
75 Graveler Rock/Ground
77%
93 Haunter Ghost/Poison
77%
34 Nidoking Poison/Ground
77%
29 | 32 Nidoran Poison
77%
67 Machoke Fighting
76%
31 Nidoqueen Poison/Ground
76%
36 Clefable Fairy
75%
39 Jigglypuff Normal/Fairy
75%
68 Machamp Fighting
75%
30 Nidorina Poison
75%
66 Machop Fighting
74%
33 Nidorino Poison
74%
133 Eevee Normal
73%
95 Onix Rock/Ground
73%
129 Magikarp Water
72%
43 Oddish Grass/Poison
72%
59 Arcanine Fire
71%
81 Magnemite Electric/Steel
71%
136 Flareon Fire
70%
44 Gloom Grass/Poison
70%
107 Hitmonchan Fighting
70%
106 Hitmonlee Fighting
70%
135 Jolteon Electric
70%
134 Vaporeon Water
70%
40 Wigglytuff Normal/Fairy
70%
58 Growlithe Fire
69%
82 Magneton Electric/Steel
69%
41 Zubat Poison/Flying
69%
50 Diglett Ground
68%
42 Golbat Poison/Flying
67%
126 Magmar Fire
67%
37 Vulpix Fire
67%
51 Dugtrio Ground
66%
130 Gyarados Water/Flying
66%
131 Lapras Water/Ice
66%
124 Jynx Ice/Psychic
65%
143 Snorlax Normal
65%
45 Vileplume Grass/Poison
65%
140 Kabuto Rock/Water
64%
38 Ninetales Fire
64%
77 Ponyta Fire
64%
54 Psyduck Water
64%
121 Starmie Water/Psychic
64%
120 Staryu Water
64%
141 Kabutops Rock/Water
63%
60 Poliwag Water
63%
78 Rapidash Fire
63%
28 Sandslash Ground
63%
49 Venomoth Bug/Poison
63%
110 Weezing Poison
63%
125 Electabuzz Electric
62%
55 Golduck Water
62%
109 Koffing Poison
62%
61 Poliwhirl Water
62%
27 Sandshrew Ground
62%
73 Tentacruel Water/Poison
62%
69 Bellsprout Grass/Poison
61%
72 Tentacool Water/Poison
61%
48 Venonat Bug/Poison
61%
142 Aerodactyl Rock/Flying
60%
56 Mankey Fighting
60%
62 Poliwrath Water/Fighting
60%
86 Seel Water
59%
89 Muk Poison
58%
101 Electrode Electric
57%
118 Goldeen Water
57%
138 Omanyte Rock/Water
57%
139 Omastar Rock/Water
57%
46 Paras Bug/Grass
57%
100 Voltorb Electric
57%
87 Dewgong Water/Ice
56%
88 Grimer Poison
56%
52 Meowth Normal
56%
57 Primeape Fighting
56%
47 Parasect Bug/Grass
55%
53 Persian Normal
55%
123 Scyther Bug/Flying
55%
119 Seaking Water
55%
122 Mr. Mime Psychic/Fairy
54%
71 Victreebel Grass/Poison
52%
70 Weepinbell Grass/Poison
52%
79 Slowpoke Water/Psychic
51%
112 Rhydon Ground/Rock
50%
111 Rhyhorn Ground/Rock
50%
80 Slowbro Water/Psychic
50%
113 Chansey Normal
49%
97 Hypno Psychic
49%
84 Doduo Normal/Flying
48%
96 Drowzee Psychic
48%
127 Pinsir Bug
48%
116 Horsea Water
47%
91 Cloyster Water/Ice
46%
115 Kangaskhan Normal
46%
117 Seadra Water
46%
128 Tauros Normal
46%
132 Ditto Normal
45%
85 Dodrio Normal/Flying
44%
83 Farfetch'd Normal/Flying
43%
90 Shellder Water
43%
103 Exeggutor Grass/Psychic
41%
114 Tangela Grass
41%
102 Exeggcute Grass/Psychic
39%
137 Porygon Normal
38%
104 Cubone Ground
37%
105 Marowak Ground
36%
98 Krabby Water
32%
99 Kingler Water
31%
108 Lickitung Normal
29%
No matching quizzes found
Score Distribution
Percent of People with Each Score
Percentile by Number Answered
Your Score History
You have not taken this quiz